| 000 | 00483pab a2200169 454500 | ||
|---|---|---|---|
| 008 | 180718b2010 xxu||||| |||| 00| 0 eng d | ||
| 100 | _aAcharya, Alka | ||
| 245 | _aOne step forward, three steps backward: the danger of drift in India-China relations | ||
| 260 | _c2010 | ||
| 300 | _ap.10-12. | ||
| 362 | _a18 Sep | ||
| 650 | _aIndia - Foreign relations - China | ||
| 650 | _aInternational relations | ||
| 773 | _aEconomic and Political Weekly | ||
| 908 | _aN | ||
| 909 | _a88039 | ||
| 999 |
_c88039 _d88039 |
||